000 00662nam a2200205Ia 4500
008 220204s9999 xx 000 0 und d
082 _a57.085.23:581(06)
_bSAL
245 0 _aPlant cell cultures: Results and perspectives. Proceedings of the International workshop on plant cell cultures. 1979, Italy.
260 _aAmsterdam
_bElsevier
_c1980
490 _aDevelopments in plant biology. 5
650 _aAnther culture
650 _aGenetic engineering
650 _aGermplasm storage
650 _aPlant cell culture
650 _aPlant propagation
650 _aSomatic cell genetics
650 _aTissue culture
700 _aSALA, F
942 _cBK
999 _c36590
_d36590